000 00685cam a2200217 i 4500
001 116657
005 20230410130935.0
008 140806s1987 fr r 000 0 fre d
020 _a9782070381234
041 0 _aFre
050 1 4 _aPQ 8498.32
_bV297q 1987
100 1 _aVargas Llosa, Mario,
_d1936-
245 1 0 _aQui a Tué Palomino Molero? /
_cMario Vargas Llosa
260 _aParis, Francia :
_bGallimar,
_c1987
300 _a189 p.:
_bill;
_c18cm
440 0 _aCollection Folio
520 _aLe corps d' un jeune homme affreusement mutilé, accroché à un arbre, a été découvert par un jeune chevrier.
650 4 _aLiteratura Peruana.
942 _2lcc
_cbk
946 _aIMRO
999 _c83160
_d83160